|
|
|
|
| LEADER |
01219nam a2200265 i 4500 |
| 001 |
c000239739 |
| 003 |
CARM |
| 005 |
00000000000000.0 |
| 008 |
840305s1977 xxc 0 eng d |
| 019 |
1 |
|
|a 1215279
|5 LACONCORD2021
|
| 020 |
|
|
|a 0888430507
|
| 035 |
|
|
|a (OCoLC)4237519
|5 LACONCORD2021
|
| 082 |
0 |
4 |
|a 373.246098
|
| 100 |
2 |
|
|a Corvalán Vásquez, Oscar E.,
|d 1947-
|
| 245 |
1 |
0 |
|a Vocational training in Latin America :
|b a comparative perspective /
|c by Oscar Corvalan V.
|
| 260 |
|
|
|a Vancouver :
|b Center for Continuing Education, the University of British Columbia in cooperation with the International Council for Adult Education,
|c 1977.
|
| 300 |
|
|
|a 100p. :
|b tables.
|
| 440 |
|
0 |
|a Monographs on comparative and area studies in adult education
|
| 504 |
|
|
|a Bibliography: p.95-104.
|
| 650 |
|
0 |
|a Vocational education
|z Latin America.
|
| 710 |
2 |
|
|a University of British Columbia.
|b Centre for Continuing Education.
|
| 710 |
2 |
|
|a International Council for Adult Education.
|
| 852 |
8 |
|
|b CARM
|h A1:AQ13C0
|i C09033
|p 0372041
|f BK
|
| 999 |
f |
f |
|i bbf90b8a-2c8e-5086-8d37-3422323d12ad
|s b52cc7fe-b9eb-5656-834e-ad89448914d2
|
| 952 |
f |
f |
|p Can circulate
|a CAVAL
|b CAVAL
|c CAVAL
|d CARM 1 Store
|e C09033
|f A1:AQ13C0
|h Other scheme
|i book
|m 0372041
|